| 000 | 00890nam0a22002651 4500 | ||
|---|---|---|---|
| 001 | rc\4172701 | ||
| 005 | 20130415191318.7 | ||
| 021 |
_aRU _b[52-18727] |
||
| 035 | _a(NLR Aleph) 008184502 | ||
| 090 |
_a7936861 _c7936861 |
||
| 100 | _a20130415d1952 |||y0rusy50 ca | ||
| 101 | 0 | _arus | |
| 102 | _aRU | ||
| 105 | _aa z ||||| | ||
| 200 | 1 |
_aОсновы электрорадиотехники _e[Учеб. пособие для курсов радиомастеров и радиотелеграфистов ДОСААФ] |
|
| 210 |
_aМосква _cБ. и. _d1952 |
||
| 215 |
_a324 с. _cил. _d23 |
||
| 606 |
_aРадиотехника _2psbo |
||
| 606 |
_aЭлектротехника _2psbo |
||
| 700 | 1 |
_aТихонов _bС. Н. _gСемен Николаевич |
|
| 801 | 0 |
_aRU _bNLR _gpsbo |
|
| 801 | 1 |
_aRU _bELAR _2rusmarc |
|
| 852 |
_aNLR _jТ94 Г-5/307 |
||
| 942 | _cBOOK | ||
| 980 | _aNB | ||